| 000 | 00512nam a2200157 i 4500 | ||
|---|---|---|---|
| 001 | 74252 | ||
| 003 | ES-MaACL | ||
| 005 | 20230906172051.0 | ||
| 007 | t| | ||
| 008 | 040916s1969 sp ||||1| spa d | ||
| 100 | 1 |
_aGonzález Faus, José Ignacio. _958623 |
|
| 245 | 1 | 0 |
_aCarne de Dios _b: significado salvador de la Encarnación en la teología de San Ireneo / _cJosé Ignacio González Faus. |
| 260 |
_aBarcelona : _bHerder, _c1969. |
||
| 300 |
_aVII, 275 p. ; _c22 cm. |
||
| 852 |
_aES-MaACL _jC-48459 _bR.72728 |
||
| 999 |
_c74252 _d74252 |
||